000 00887nam a2200217 a 4500
001 47439
003 BD-RjUL
005 20211209054320.0
008 160808b1969 B ||||| b||| 001 0 ben d
035 _a(BD-RjUL)47558
040 _aBD-RjUL
_beng
_cBD-RjUL
041 _aben
082 _223
_a512.5
_bRAY 1969
100 1 _aরহমান, মুহাম্মদ হাবিবুর
_9144267
245 1 0 _aযোগাশ্রয়ী বীজগণিত /
_cমুহাম্মদ হাবিবুর রহমান
260 _aঢাকা :
_bকেন্দ্রীয় বাংলা উন্নয়ন-বোর্ড,
_c১৯৬৯
300 _a[১৪], ৪৩২ পৃ. :
_bচিত্র ;
_c১৯ সেমি.
650 _aযোগাশ্রয়ী বীজগণিত
_9144268
650 _aLinear algebra
_9144269
942 _2ddc
_cBK
999 _c47439
_d47439